000 00970nam a2200229 i 4500
001 100211
003 ES-MaACL
005 20251104120114.0
008 050923s1928 sp |||| | spa d
080 _a821.134.2-24"18"
100 1 _aMartínez de la Rosa, Francisco,
_d1787-1862
_978009
245 1 3 _aLa conjuración de Venecia
_b: año de 1310, drama histórico /
_cF. Martínez de la Rosa.
260 _aMadrid :
_bCompañía Ibero-Americana de Publicaciones,
_c1928.
300 _a161 p. ;
_c19 cm.
490 1 _aBibliotecas populares Cervantes.
_aLas cien mejores obras de la literatura española ;
_v50
530 _aDisponible en formato digital.
830 0 _aBibliotecas populares Cervantes. Las cien mejores obras de la literatura universal
_v50
_9186509
852 _aES-MaACL
_jC-26462
_cDEPO2
856 4 _uhttp://bdh-rd.bne.es/viewer.vm?id=0000124332&page=1
_y(Biblioteca Digital Hispánica)
942 _2udc
999 _c100211
_d100211